• Filosofi di lingua tedesca. Generalità e filosofi fino al 1920

di Genre/Form Term

Records bibliografici associati: 1

001 - CONTROL NUMBER

  • control field: 58888

003 - CONTROL NUMBER IDENTIFIER

  • control field:

005 - DATE AND TIME OF LATEST TRANSACTION

  • control field: 20210417140113.0

008 - FIXED-LENGTH DATA ELEMENTS

  • fixed length control field: 210417|| aca||aabn | a|a d

040 ## - CATALOGING SOURCE

  • Original cataloging agency:
  • Transcribing agency:

155 ## - HEADING--GENRE/FORM TERM

  • Genre/form term: Filosofi di lingua tedesca. Generalità e filosofi fino al 1920
  • General subdivision: Filosofi 1801-1920: Nietzsche Friedrich Wilhelm, 1844-1900

670 ## - SOURCE DATA FOUND

  • Source citation: Work cat.: ()0: Nietzsche, Friedrich Wilhelm, 1844-1900. aut. 57251, Also sprach Zarathustra :, 1999 (Neuausgabe).
CREDITS: SOCIETA' SAN PAOLO Via A.Severo, 58 - ROMA (RM) & PERIODICI SAN PAOLO SRL Via Giotto, 36 MILANO & CISF Via Giotto, 36 MILANO & EDIZIONI SAN PAOLO SRL,  Piazza Soncino, 5 CINISELLO BALSAMO (MI) -- ITALY